Anime Doubles! (Slideshow) Quiz Stats

 Plays Quiz not verified by Sporcle

Score 0/24 Timer 05:00
0 Plays Today
% Correct
Kyouko Sakura & Sakura Haruno
97%
Sasuke Tsubaki & Sasuke Uchiha
87.1%
Edward Wong Hau Pepelu Tivrusky IV & Edward Elric
85.4%
Hideki Hinata & Hinata Hyuuga
82%
Rin Okumura, Rin Nohara, & Rin Kaga
79.2%
Lucy & Lucy Heartfilia
78.4%
Madara Uchiha & Madara
73%
Haruhi Fuijoka & Haruhi Suzumiya
70.8%
Taiga Kagami & Taiga Aisaka
62.3%
Shiro & Shiro
61.6%
Sora Takenouchi & Sora
55.4%
Yui & Yui Hirasawa
54.3%
% Correct
Fuu & Fuu Kasumi
49.4%
Mei Misaki & Misaki Kamiigusa
34.2%
Yuusuke Urameshi & Yuusuke Fujisaki
33.9%
Mio Akiyama & Mio Naganohara
32.1%
Sakamoto & Tatsuma Sakamoto
25.8%
Miyuki Takara & Miyuki Shiba
24.5%
Yuu Narukami & Yuu Kanda
23.8%
Mashiro Mitsumine & Mashiro Shiina
22.7%
Nice & Nice Holystone
20.5%
Sanae Furukawa & Sanae Dekomori
18.5%
Miria Harvent & Miria
15.9%
Naru Kotoishi & Naru Sekiya
11.3%

You're not logged in!

Compare scores with friends on all Sporcle quizzes.
OR
Log In

Show Comments

Extras

Top Quizzes Today


Score Distribution

Your Account Isn't Verified!

In order to create a playlist on Sporcle, you need to verify the email address you used during registration. Go to your Sporcle Settings to finish the process.

Report this User

Report this user for behavior that violates our Community Guidelines.

Details: